ბათუმის შოთა რუსთაველის სახელმწიფო უნივერსიტეტის ბიბლიოთეკა

International Leadership in Cross-Cultural Environments (ბიბ.ჩანაწერი № 45436)

000 -LEADER
fixed length control field 00742nam a2200217Ia 4500
001 - CONTROL NUMBER
control field 12260
003 - CONTROL NUMBER IDENTIFIER
control field GE_BSU
008 - FIXED-LENGTH DATA ELEMENTS--GENERAL INFORMATION
fixed length control field 181216s||||||||xx |||||||||||||| ||und||
040 ## - CATALOGING SOURCE
Transcribing agency GE_BSU
080 ## - UNIVERSAL DECIMAL CLASSIFICATION NUMBER
Universal Decimal Classification number 339.924
100 ## - MAIN ENTRY--PERSONAL NAME
Personal name Johnston, j.
245 ## - TITLE STATEMENT
Title International Leadership in Cross-Cultural Environments
245 #4 - TITLE STATEMENT
Remainder of title The relatioship Between national Culture and corporate culture as it Pertains to Work ethic and corporations
260 ## - PUBLICATION, DISTRIBUTION, ETC.
Name of publisher, distributor, etc. Capella university
260 ## - PUBLICATION, DISTRIBUTION, ETC.
Date of publication, distribution, etc. 2008
300 ## - PHYSICAL DESCRIPTION
Extent 120p.25cm.
653 ## - INDEX TERM--UNCONTROLLED
Uncontrolled term International Leadership in Cross-Cultural Environments:
653 ## - INDEX TERM--UNCONTROLLED
Uncontrolled term the relatioship Between national Culture and corporate culture as it Pertains to Work ethic and corporations
942 ## - ADDED ENTRY ELEMENTS (KOHA)
Koha item type წიგნი
ეგზემპლარები
Withdrawn status Lost status Damaged status Not for loan Date acquired Barcode Date last seen Price effective from Koha item type
        2018-12-17 36182 2018-12-17 2018-12-17 წიგნი